|
|
|
|
| LEADER |
00860cam a2200253 7i4500 |
| 001 |
0000036172 |
| 005 |
20191129090000.0 |
| 007 |
##ta |
| 008 |
191129s 2018 |
| 020 |
# |
# |
|a 9789678927543
|
| 040 |
# |
# |
|a MATR
|
| 090 |
0 |
0 |
|a M 354.595
|b PER
|
| 245 |
0 |
0 |
|a PERINTAH - PERINTAH AM BAB "A" - BAB "G" :
|b (HINGGA 15hb OKTOBER 2018).
|
| 264 |
# |
4 |
|a ♭.
|
| 264 |
# |
1 |
|a Petaling Jaya, Selangor:
|b International Law Book Services,
|c 2018.
|
| 300 |
# |
# |
|a 290 pages:
|b illustrations;
|c cm.
|
| 336 |
# |
# |
|a text
|2 rdacontent
|
| 337 |
# |
# |
|a unmediated
|2 rdamedia
|
| 338 |
# |
# |
|a volume
|2 rdacarrier
|
| 504 |
# |
# |
|a Includes bibliographical references and index
|
| 650 |
# |
0 |
|a Civil service --
|z Malaysia
|
| 650 |
# |
0 |
|a Official and employees --
|z Malaysia
|
| 999 |
|
|
|a B000040906
|b Book
|c Malaysia
|e Business Information Centre
|
| 999 |
|
|
|a B000040905
|b Book
|c Malaysia
|e Business Information Centre
|